Statistiken für Meistbesuchte Länder von Russen

Klicken Sie hier um das Quiz zu spielen!

Allgemein

  • Dieses Quiz wurde 118 mal gespielt
  • Das Durchschnittsergebnis liegt bei 6 aus 9

Antwortstatistiken

#Reiseziel% Korrekt
638,100Deutschland
97%
787,200China
92%
887,100Spanien
85%
2,700,000Türkei
82%
605,500Italien
81%
1,100,000Griechenland
64%
787,100Finnland
63%
1,400,000Ägypten
40%
683,000Thailand
39%

Verteilung der Resultate

Perzentil nach korrekt beantworteten Fragen

Anzahl Personen mit jedem Resultat

Ihre Resultats-Entwicklung

Sie haben dieses Quiz noch nicht gespielt